书目信息 |
| 题名: |
体育场地管理
|
|
| 作者: | 公共场地管理编写组 | |
| 分册: | ||
| 出版信息: | 人民体育出版社 1997.07 |
|
| 页数: | 414页 | |
| 开本: | 32开 | |
| 丛书名: | ||
| 单 册: | ||
| 中图分类: | G818 | |
| 科图分类: | ||
| 主题词: | 体育事业--世界 | |
| 电子资源: | ||
| ISBN: | 7-5009-1491-1 | |
| 000 | 00563nam0 2200193 45 | |
| 001 | 0308271033 | |
| 005 | 20030827105651.7 | |
| 010 | @a7-5009-1491-1@dRMB18.00 | |
| 100 | @a20030827d1997 km y0chiy0120 ea | |
| 101 | @achi | |
| 105 | @a z 000yy | |
| 200 | 1 | @a体育场地管理@Ati yu chang di guan li@f公共场地管理编写组@Fgong gong chang di guan li bian xie zu |
| 210 | @c人民体育出版社@d1997.07 | |
| 215 | @a414页@c无图表@d32开 | |
| 606 | 0 | @a体育事业@x世界 |
| 690 | @aG818@v3 | |
| 701 | 0 | @a公共场地管理编写组 |
| 801 | @aCN@b@c20030827 | |
| 905 | @aBZT@dG818@e65 | |
| 体育场地管理/公共场地管理编写组.-人民体育出版社,1997.07 |
| 414页:无图表;32开 |
| ISBN 7-5009-1491-1:RMB18.00 |
| ● |
| 相关链接 |
|
|
|
正题名:体育场地管理
索取号:G818/65
 
预约/预借
| 序号 | 登录号 | 条形码 | 馆藏地/架位号 | 状态 | 备注 |
| 1 | 083059 | 200746531 | 中心书库北库/ 北库026架A面3列6层1/ [索取号:G818/65] | 在馆 | |
| 2 | 083060 | 200746559 | 中心书库北库/ 北库026架A面3列6层10/ [索取号:G818/65] | 在馆 | |
| 3 | 083061 | 200746540 | 中心书库北库/ 北库026架A面3列6层12/ [索取号:G818/65] | 在馆 |